[Event "Sharjah Blitz"]
[Site "Sharjah"]
[Date "2023.03.28"]
[Round "4"]
[White "Dimakiling, Oliver"]
[Black "Othman, A Moussa"]
[Result "1-0"]
[WhiteElo "2419"]
[BlackElo "2226"]
[PlyCount "82"]
[EventDate "2023.03.28"]
[EventType "swiss (blitz)"]
[EventRounds "9"]
[EventCountry "UAE"]
[SourceTitle "CBM 213 Extra"]
[Source "ChessBase"]
[SourceDate "2023.05.31"]
[SourceVersion "1"]
[SourceVersionDate "2023.05.31"]
[SourceQuality "1"]

1. Nf3 g6 2. d4 Bg7 3. Bf4 d6 4. Qd2 Bg4 5. Nc3 Nd7 6. 0-0-0 c6 7. Ne1 b5 8. f3 Be6 9. d5 cxd5 10. Nxd5 Ngf6 11. e4 Bxd5 12. exd5 a6 13. Bh6 Bxh6 14. Qxh6 Qa5 15. Kb1 Nb6 16. Nd3 Nbxd5 17. g4 Nb4 18. Nc1 Qc7 19. c3 Nc6 20. Bg2 Rb8 21. Rhe1 a5 22. Qg7 Kd7 23. Qxf7 Rhf8 24. Qe6+ Kd8 25. f4 b4 26. c4 Na7 27. Re5 Nc8 28. Nb3 Qd7 29. Qxd7+ Nxd7 30. Re4 a4 31. Nd4 Ke8 32. Rde1 Nc5 33. R4e2 Rxf4 34. Nc6 Rb7 35. Bd5 Nd3 36. Rd1 Ne5 37. Nxe5 dxe5 38. Bxb7 Nd6 39. Bc6+ Kf7 40. b3 a3 41. c5 Nc8 1-0

[Event "UAE National Day 51st"]
[Site "Sharjah"]
[Date "2022.12.04"]
[Round "9"]
[White "Othman, A Moussa"]
[Black "Raji Sayel, Abu Azizah"]
[Result "1-0"]
[WhiteElo "2226"]
[BlackElo "1943"]
[PlyCount "47"]
[EventDate "2022.12.03"]
[EventType "swiss (rapid)"]
[EventRounds "10"]
[EventCountry "UAE"]
[SourceTitle "CBM 211 Extra"]
[Source "ChessBase"]
[SourceDate "2023.01.31"]
[SourceVersion "1"]
[SourceVersionDate "2023.01.31"]
[SourceQuality "1"]

1. d4 Nf6 2. c4 g6 3. Nc3 Bg7 4. g3 0-0 5. Bg2 d6 6. e3 e5 7. Nge2 Nc6 8. 0-0 Re8 9. h3 exd4 10. Nxd4 Nxd4 11. exd4 c6 12. d5 c5 13. g4 Nd7 14. Qc2 a6 15. Bf4 Ne5 16. Rae1 h5 17. gxh5 Bf5 18. Ne4 gxh5 19. Qd1 Bg6 20. Bg5 Qa5 21. Nf6+ Kh8 22. Nxe8 Rxe8 23. f4 Bc2 24. Qxh5+ 1-0

[Event "Arab-ch"]
[Site "Dubai"]
[Date "2021.11.30"]
[Round "7"]
[White "Ahmad, Al Khatib"]
[Black "Othman, A Moussa"]
[Result "1-0"]
[WhiteElo "2218"]
[BlackElo "2225"]
[PlyCount "99"]
[EventDate "2021.11.26"]
[EventType "swiss"]
[EventRounds "9"]
[EventCountry "UAE"]
[SourceTitle "CBM 205 Extra"]
[Source "ChessBase"]
[SourceDate "2022.01.31"]
[SourceVersion "1"]
[SourceVersionDate "2022.01.31"]
[SourceQuality "1"]

1. e4 d6 2. d4 g6 3. Nc3 Bg7 4. Nf3 c6 5. a4 d5 6. h3 dxe4 7. Nxe4 Nd7 8. Bd3 Ngf6 9. Nxf6+ Nxf6 10. 0-0 0-0 11. Re1 Qd6 12. Bg5 Be6 13. Bh4 Rad8 14. Bg3 Qd7 15. Qe2 Nh5 16. Bh2 Bxd4 17. Rad1 Qc8 18. Nxd4 Rxd4 19. Bxg6 Nf4 20. Bxh7+ Kxh7 21. Bxf4 Bg4 22. Qxg4 Qxg4 23. hxg4 Rxf4 24. Rxe7 Rxa4 25. Rxb7 Rc4 26. c3 a5 27. f3 Kg7 28. Rdd7 a4 29. Ra7 Kg6 30. Kh2 Rb8 31. Rd4 Rxd4 32. cxd4 Rb4 33. Ra6 Kg7 34. Rxc6 Rxd4 35. Ra6 Rb4 36. Kg3 Kh7 37. Rf6 Kg7 38. Rf4 Rxb2 39. Rxa4 Rc2 40. Ra6 Rb2 41. g5 Rc2 42. f4 Rb2 43. Kf3 Rc2 44. g3 Rc3+ 45. Kg4 Rb3 46. Ra7 Rc3 47. f5 Kg8 48. Ra8+ Kg7 49. f6+ Kh7 50. Rf8 1-0

[Event "Sharjah Ramadan op rapid"]
[Site "Sharjah"]
[Date "2019.05.15"]
[Round "8"]
[White "Othman, A Moussa"]
[Black "Abdurakhmanov, Mukhmmadali"]
[Result "0-1"]
[WhiteElo "2225"]
[BlackElo "2215"]
[PlyCount "69"]
[EventDate "2019.05.13"]
[EventType "swiss (rapid)"]
[EventRounds "9"]
[EventCountry "UAE"]
[SourceTitle "CBM 190 Extra"]
[Source "ChessBase"]
[SourceDate "2019.07.15"]
[SourceVersion "1"]
[SourceVersionDate "2019.07.15"]
[SourceQuality "1"]

1. d4 Nf6 2. c4 e6 3. g3 d5 4. Bg2 Bb4+ 5. Nd2 0-0 6. Ngf3 dxc4 7. 0-0 c3 8. bxc3 Bxc3 9. Rb1 Nc6 10. e3 Ba5 11. Nc4 Bb6 12. Bd2 Ne7 13. a4 c6 14. Nfe5 Nfd5 15. Qb3 Bc7 16. Rfd1 Rb8 17. e4 Nf6 18. Bb4 Re8 19. Qa3 Nd7 20. Bd6 Nb6 21. Bxc7 Qxc7 22. Nd6 Rf8 23. Rdc1 Nd7 24. Nb5 Qd8 25. Nxa7 Nxe5 26. Nxc8 Nxc8 27. dxe5 Qc7 28. a5 Qxe5 29. a6 bxa6 30. Rxb8 Qxb8 31. Rxc6 Nb6 32. Qxa6 Nd7 33. Rc1 h6 34. h3 Ne5 35. Kh2 0-1

[Event "Sharjah op rapid"]
[Site "Sharjah"]
[Date "2018.05.26"]
[Round "8"]
[White "Othman, A Moussa"]
[Black "Abdulla, Abdulwahab"]
[Result "1-0"]
[WhiteElo "2230"]
[BlackElo "1850"]
[PlyCount "37"]
[EventDate "2018.05.23"]
[EventType "swiss (rapid)"]
[EventRounds "9"]
[EventCountry "UAE"]
[SourceTitle "CBM 184 Extra"]
[Source "ChessBase"]
[SourceDate "2018.06.28"]
[SourceVersion "1"]
[SourceVersionDate "2018.06.28"]
[SourceQuality "1"]

1. d4 d6 2. c4 g6 3. g3 Bg7 4. Bg2 Nf6 5. Nf3 Nbd7 6. 0-0 0-0 7. Nc3 c6 8. Qc2 Qc7 9. b3 Re8 10. Rd1 e5 11. dxe5 dxe5 12. Ba3 e4 13. Ng5 Qa5 14. Bc1 Ng4 15. Ngxe4 f5 16. b4 Qxb4 17. Rb1 Qxc4 18. Nd6 Qc5 19. Qb3+ 1-0

[Event "Sharjah op rapid"]
[Site "Sharjah"]
[Date "2018.05.24"]
[Round "5"]
[White "Mohammed, Shereef MV"]
[Black "Othman, A Moussa"]
[Result "0-1"]
[WhiteElo "1759"]
[BlackElo "2230"]
[PlyCount "90"]
[EventDate "2018.05.23"]
[EventType "swiss (rapid)"]
[EventRounds "9"]
[EventCountry "UAE"]
[SourceTitle "CBM 184 Extra"]
[Source "ChessBase"]
[SourceDate "2018.06.28"]
[SourceVersion "1"]
[SourceVersionDate "2018.06.28"]
[SourceQuality "1"]

1. d4 Nf6 2. c4 c5 3. e3 g6 4. Nf3 Bg7 5. Be2 0-0 6. 0-0 cxd4 7. exd4 d5 8. h3 b6 9. cxd5 Bb7 10. Nc3 Nxd5 11. Bc4 Nxc3 12. bxc3 Qc7 13. Be2 Qxc3 14. Bd2 Qc7 15. Rc1 Qd6 16. Qb3 Bd5 17. Qb2 Nc6 18. Bc3 Rfd8 19. Rfd1 Rac8 20. Ne5 Bh6 21. Ra1 Nxe5 22. dxe5 Qc6 23. Rd3 Bxg2 24. Rg3 Bd5 25. Qb4 Be4 26. Bb5 Qd5 27. Ba4 Qc4 28. Qxc4 Rxc4 29. Bb3 Rc7 30. e6 f5 31. Be5 Rc5 32. Bf6 Re8 33. Bb2 Bg7 34. Bxg7 Kxg7 35. Rd1 Rec8 36. Re3 Kf6 37. f3 Bc6 38. Rd2 b5 39. Kf2 a5 40. a4 bxa4 41. Ba2 Bb5 42. h4 Rc2 43. Ke1 Rxd2 44. Kxd2 Bc4 45. Rc3 Rd8+ 0-1

[Event "Warsaw Najdorf Memorial op-A 15th"]
[Site "Warsaw"]
[Date "2017.07.16"]
[Round "8"]
[White "Walter, Szymon"]
[Black "Othman, A Moussa"]
[Result "1/2-1/2"]
[WhiteElo "2220"]
[BlackElo "2277"]
[PlyCount "45"]
[EventDate "2017.07.09"]
[EventType "swiss"]
[EventRounds "9"]
[EventCountry "POL"]
[SourceTitle "CBM 179 Extra"]
[Source "ChessBase"]
[SourceDate "2017.08.23"]
[SourceVersion "1"]
[SourceVersionDate "2017.08.23"]
[SourceQuality "1"]

1. e4 c6 2. d4 d5 3. Nc3 dxe4 4. Nxe4 Bf5 5. Ng3 Bg6 6. N1e2 Nf6 7. h4 h6 8. Nf4 Bh7 9. Bc4 Nbd7 10. 0-0 Nb6 11. Bb3 Nbd5 12. Re1 e6 13. Ngh5 Nxf4 14. Bxf4 Bg6 15. Nxf6+ Qxf6 16. Qg4 Bf5 17. Qg3 Qg6 18. Qe3 Be7 19. d5 0-0 20. dxe6 Bxe6 21. Bxe6 fxe6 22. Qxe6+ Qxe6 23. Rxe6 1/2-1/2

[Event "Sharjah op blitz"]
[Site "Sharjah"]
[Date "2014.07.09"]
[Round "2"]
[White "Ali, Abdulaziz"]
[Black "Othman, A Moussa"]
[Result "0-1"]
[WhiteElo "1696"]
[BlackElo "2308"]
[PlyCount "86"]
[EventDate "2014.07.09"]
[EventType "swiss (blitz)"]
[EventRounds "9"]
[EventCountry "UAE"]
[SourceTitle "EXT 2016"]
[Source "ChessBase"]
[SourceDate "2015.10.08"]
[SourceVersion "1"]
[SourceVersionDate "2015.10.08"]
[SourceQuality "1"]

1. e4 d6 2. d4 g6 3. c4 Bg7 4. Nc3 Nd7 5. Nf3 c5 6. Be3 cxd4 7. Bxd4 Ngf6 8. Bd3 0-0 9. 0-0 b6 10. Re1 Bb7 11. Nd5 Rc8 12. Rc1 e6 13. Nxf6+ Bxf6 14. Bxf6 Qxf6 15. b3 Ne5 16. Nxe5 dxe5 17. Qe2 Rfd8 18. Red1 Rd4 19. Bc2 Rcd8 20. Rxd4 exd4 21. Rd1 e5 22. Rd3 Qf4 23. Rd1 a5 24. Qd2 Qxd2 25. Rxd2 Kf8 26. f3 Ke7 27. Kf2 Kd6 28. Ke2 Kc5 29. Kd3 Kb4 30. Bd1 Ba6 31. Kc2 a4 32. Kb2 a3+ 33. Kc2 b5 34. cxb5 Bxb5 35. Be2 Rc8+ 36. Kd1 Bxe2+ 37. Kxe2 Kc3 38. Kd1 d3 39. g3 Kd4 40. Ke1 Ke3 41. Rd1 Rc2 42. f4 Rxh2 43. fxe5 Rh1# 0-1

[Event "Sharjah op blitz"]
[Site "Sharjah"]
[Date "2014.07.09"]
[Round "7"]
[White "Salem, AR Saleh"]
[Black "Othman, A Moussa"]
[Result "1-0"]
[WhiteElo "2625"]
[BlackElo "2308"]
[PlyCount "66"]
[EventDate "2014.07.09"]
[EventType "swiss (blitz)"]
[EventRounds "9"]
[EventCountry "UAE"]
[SourceTitle "EXT 2016"]
[Source "ChessBase"]
[SourceDate "2015.10.08"]
[SourceVersion "1"]
[SourceVersionDate "2015.10.08"]
[SourceQuality "1"]

1. d4 Nf6 2. c4 c5 3. d5 b5 4. Nf3 d6 5. Nbd2 g6 6. e4 Nbd7 7. cxb5 Bg7 8. a4 0-0 9. Ra3 a6 10. bxa6 Qa5 11. Qc2 Bxa6 12. Bxa6 Qxa6 13. Nc4 Rfb8 14. 0-0 Ng4 15. Bf4 Rb4 16. b3 Nb6 17. Nfd2 Nxc4 18. Nxc4 Bd4 19. h3 Nf6 20. Re1 Qb7 21. Bd2 Rxc4 22. bxc4 Nd7 23. Rb1 Qa6 24. a5 Ne5 25. Ra4 Qc8 26. Rb3 Qd7 27. Ra2 Qc8 28. Bh6 f6 29. Be3 Kg7 30. Kf1 Qa6 31. Ra4 Ra7 32. Bc1 Qc8 33. f4 Nd7 1-0